African Countries by Letter Quiz Stats

 Plays Quiz not verified by Sporcle

Challenge
Share
Tweet
Embed
Score 0/17 Timer 02:00
0 Plays Today
Letter Country % Correct
EEthiopia
98.5%
CChad
98.4%
SSudan
98.3%
GGhana
98%
AAlgeria
97.8%
MMali
97.6%
ZZambia
97.1%
NNiger
96.9%
BBurundi
96.8%
Letter Country % Correct
LLesotho
95.9%
TTanzania
94.7%
RRwanda
94.2%
UUganda
93.5%
DDjibouti
91.1%
KKenya
86%
I* (Unofficial Name)Ivory Coast
70.9%
W* (debated)Western Sahara
54.5%

You're not logged in!

Compare scores with friends on all Sporcle quizzes.
Join for Free
OR
Log In

You Might Also Like...

Show Comments

Extras

Top Quizzes Today


Score Distribution

Your Account Isn't Verified!

In order to create a playlist on Sporcle, you need to verify the email address you used during registration. Go to your Sporcle Settings to finish the process.

Report this User

Report this user for behavior that violates our Community Guidelines.

Details: